Colors by Any Word Quiz Stats

 Plays Quiz Updated Nov 28, 2017

Also try: Pick Which Color?
Challenge
Share
Tweet
Embed
Score 0/141 Timer 06:00
10 Plays Today
% Correct
Light Sky Blue
95.4%
Pale Violet Red
94.9%
Dark Red
94.9%
Medium Violet Red
94.7%
Light Steel Blue
94.6%
Dark Slate Blue
94.5%
Light Goldenrod Yellow
94.5%
Light Blue
94.5%
Deep Sky Blue
94.4%
Dark Blue
94.4%
Light Yellow
94.3%
Sky Blue
94.1%
Orange Red
93.9%
Blue Violet
93.9%
Light Sea Green
93.5%
Dark Sea Green
93.5%
Dark Olive Green
93.4%
Light Pink
93.4%
Yellow Green
93.3%
Green Yellow
93.3%
Medium Slate Blue
93.1%
Royal Blue
92.9%
Indian Red
92.8%
Medium Blue
92.8%
Red
92.8%
Light Green
92.7%
Dark Green
92.6%
Slate Blue
92.5%
Steel Blue
92.4%
Midnight Blue
92.4%
Cornflower Blue
92.1%
Powder Blue
92.1%
Dark Orange
92%
Cadet Blue
92%
Alice Blue
91.9%
Dodger Blue
91.9%
Blue
91.9%
Medium Sea Green
91.8%
Yellow
91.6%
Lime Green
91.1%
Light Slate Gray
91.1%
Sea Green
90.9%
Dark Slate Gray
90.8%
Light Gray
90.8%
Hot Pink
90.5%
Dark Gray
90.5%
Pale Green
90.3%
% Correct
Medium Spring Green
90.2%
Sandy Brown
90%
Rosy Brown
89.9%
Saddle Brown
89.9%
Deep Pink
89.9%
Brown
89.9%
Forest Green
89.8%
Spring Green
88.5%
Pink
88.3%
Light Cyan
88.1%
Lawn Green
87.8%
Green
87.7%
Dark Cyan
87.7%
Medium Purple
87%
Orange
86.9%
White Smoke
86.5%
Antique White
86.5%
Ghost White
86.5%
Navajo White
86.4%
Floral White
86.4%
White
86.4%
Dark Violet
84.6%
Rebecca Purple
83%
Purple
83%
Slate Gray
82.8%
Dark Magenta
82.7%
Dark Turquoise
80.9%
Dim Gray
80.5%
Gray
80.4%
Cyan
77.4%
Light Salmon
77.2%
Dark Salmon
76.6%
Light Coral
75.1%
Black
73.5%
Dark Goldenrod
73.4%
Dark Khaki
73.3%
Dark Orchid
72%
Medium Turquoise
71.3%
Pale Turquoise
70.3%
Violet
68.3%
Gold
65.7%
Turquoise
59.4%
Magenta
59%
Pale Goldenrod
58.1%
Medium Aquamarine
56%
Medium Orchid
54.5%
Salmon
52.5%
% Correct
Tan
52.2%
Olive Drab
50.9%
Olive
50.6%
Lime
49.3%
Aqua
44.2%
Misty Rose
43.9%
Navy
43.8%
Beige
41.6%
Indigo
40.7%
Khaki
38.5%
Teal
38.5%
Goldenrod
36.8%
Mint Cream
36.6%
Coral
35.8%
Silver
35.5%
Peach Puff
34.5%
Maroon
34.3%
Lavender Blush
32.4%
Orchid
30.1%
Lavender
30%
Lemon Chiffon
26.4%
Fire Brick
24.8%
Crimson
24.6%
Aquamarine
24.2%
Sienna
19.1%
Ivory
17.6%
Snow
14.5%
Fuchsia
14.5%
Chartreuse
12.2%
Plum
11.2%
Chocolate
11.1%
Azure
9%
Burly Wood
7.9%
Old Lace
7.8%
Tomato
7.5%
Blanched Almond
6.1%
Wheat
5.6%
Linen
5.5%
Papaya Whip
4.7%
Peru
4.6%
Bisque
4.4%
Thistle
4.3%
Cornsilk
4.3%
Gainsboro
4.2%
Moccasin
4.1%
Seashell
4%
Honeydew
4%

You're not logged in!

Compare scores with friends on all Sporcle quizzes.
OR
Log In

You Might Also Like...

Show Comments

Extras

Top Quizzes Today


Score Distribution

Your Account Isn't Verified!

In order to create a playlist on Sporcle, you need to verify the email address you used during registration. Go to your Sporcle Settings to finish the process.

Report this User

Report this user for behavior that violates our Community Guidelines.

Details: